| 000 | 00390nam a22001217a 4500 | ||
|---|---|---|---|
| 082 |
_a340.076 _bNAQ |
||
| 100 | _aNaqeebi, W.A. | ||
| 245 |
_aLAT: _bLaw Admission Test Undergraduate Five Year LLB Degree Programme Subjective and Objective / _cW.A. Naqeebi |
||
| 260 |
_aLahore : _bHashmi Publications, _c2023. |
||
| 563 | _aPaperback. | ||
| 650 |
_aLaw, LAT _9128035 |
||
| 942 |
_2ddc _cBK |
||
| 999 |
_c613050 _d613050 |
||